Your authority to believe. (Record no. 13977)

000 -LEADER
fixed length control field 00542nam a2200181 a 4500
001 - CONTROL NUMBER
control field :::00011801$&:&@@
003 - CONTROL NUMBER IDENTIFIER
control field OkBaRHE
005 - DATE AND TIME OF LATEST TRANSACTION
control field 20000607103412.0
008 - FIXED-LENGTH DATA ELEMENTS--GENERAL INFORMATION
fixed length control field s1975 j 000 0 eng u
040 ## - CATALOGING SOURCE
Transcribing agency
100 1# - MAIN ENTRY--PERSONAL NAME
Personal name Mjorud, Herbert.
245 10 - TITLE STATEMENT
Title Your authority to believe.
260 ## - PUBLICATION, DISTRIBUTION, ETC. (IMPRINT)
Place of publication, distribution, etc Carol Stream, IL., :
Name of publisher, distributor, etc Creation House
Date of publication, distribution, etc c1975
300 ## - PHYSICAL DESCRIPTION
Extent 156 p. ;
Dimensions 21 cm.
650 ## - SUBJECT ADDED ENTRY--TOPICAL TERM
Topical term or geographic name as entry element Mjorud, Herbert.
942 ## - ADDED ENTRY ELEMENTS (KOHA)
Source of classification or shelving scheme
Koha item type Books
Copies
Not for loan Withdrawn status Source of classification or shelving scheme Damaged status Date last seen Full call number Lost status Date acquired Koha item type Permanent Location Price effective from Barcode Copy number Shelving location
    2010-04-14BX 8080 .M47A33 2010-04-14BooksRHEMA Bible Training College2010-04-14118011General Stacks